| 000 | 00646nab a2200193 a 4500 | ||
|---|---|---|---|
| 005 | 20210219161147.0 | ||
| 008 | 991125s1985 mx 000 0 spa u | ||
| 035 | _aUPN01000179762 | ||
| 100 | 1 | _aSancho Gil, Juana María | |
| 222 | _aREVISTA MEXICANA DE INVESTIGACION EDUCATIVA | ||
| 245 | _a¿ En qué direcciones se orientará la investigación sobre cambio educativo en los próximos diez años | ||
| 300 | _a1113-1116 | ||
| 362 | 0 | _a2010 Vol. 15, no. 47 (4), oct.-dic. | |
| 653 | 0 | _aINVESTIGACION EDUCATIVA | |
| 653 | 0 | _aCAMBIO EDUCATIVO | |
| 653 | 0 | _aNUEVAS TECNOLOGIAS | |
| 653 | 0 | _aIGUALDAD DE OPORTUNIDADES | |
| 905 | _aArticulo | ||
| 999 |
_c151865 _d151865 |
||